Loreto College Library, Kolkata
WEBOPAC (ONLINE PUBLIC ACCESS CATALOGUE)

Pratinidhi kahaniyan (Record no. 40696)

MARC details
000 -LEADER
fixed length control field 00492nam a22001937a 4500
005 - DATE AND TIME OF LATEST TRANSACTION
control field 20160727145935.0
008 - FIXED-LENGTH DATA ELEMENTS--GENERAL INFORMATION
fixed length control field 160727b xxu||||| |||| 00| 0 eng d
020 ## - ISBN | অাই এস বি এন
ISBN | অাই এস বি এন 9788126702497
PRICE 60.00
040 ## - CATALOGING SOURCE
Original cataloging agency Loreto College
041 ## - LANGUAGE CODE
Language code Hindi
082 ## - DDC | ডিউই
Classification number | বর্গসংখ্যা 891.433
Book Number | গ্রন্থাঙ্ক SIN
100 ## - MAIN ENTRY--PERSONAL NAME | মুখ্য সংলেখ - ব্যাক্তিনাম
Personal name | ব্যাক্তিনাম Singh,Kashinath
245 ## - TITLE STATEMENT | অাখ্যা বিবরণী
Title | অাখ্যা Pratinidhi kahaniyan
Statement of responsibility | লেখকের দায়িত্বের বিবরণ Kashinath Singh
260 ## - IMPRINT | প্রকাশনা ক্ষেত্র
Place of publication | প্রকাশ স্থান New Delhi
Name of publisher | প্রকাশকের নাম Rajkamal Prakashan
Date of publication | প্রকাশ কাল 2015
300 ## - PHYSICAL DESCRIPTION |
Page / Vol. No | পৃষ্ঠা / খন্ড সংখ্যা 151p
Other physical details | অনান্য বাহ্যিক বিবরণ 18cm
650 ## - SUBJECT ADDED ENTRY--TOPICAL TERM | বিষয় শিরোনাম - মূল বিষয়
Topical term | মূল বিষয় Fiction-Hindi
850 ## - HOLDING INSTITUTION
Holding institution LCLIB
942 ## - ADDED ENTRY ELEMENTS (KOHA)
Koha item type Books
Holdings
Withdrawn status Lost status Source of classification Damaged status Not for loan Home library Current library Date acquired Price Total Checkouts Full call number Accession No. Date last seen Date checked out Price effective from Koha item type
    Dewey Decimal Classification     Loreto College Loreto College 27/07/2016 60.00 1 891.433 SIN 51482 44369 20/11/2019 20/11/2019 27/07/2016 Books